000 00630nam a2200217Ia 4500
001 16970
003 GE_BSU
008 181216s||||||||xx |||||||||||||| ||und||
040 _cGE_BSU
080 _a821.353.1-1
100 _aგორგანელი, ვახტანგ
245 _aსიცოცხლის ტალღები
245 _bლექსები
260 _aთბილისი
260 _bსახელგამი
260 _c1953
300 _a95გვ. ; 20სმ
653 _aლექსები
653 _aსიცოცხლის ტალღები
942 _cBK
999 _c50032
_d50032